Paroles Disney #5 - Statistiques

Statistiques générales
  • Ce quiz a été pris 9 966 fois
  • Le résultat moyen est 208 sur 279
Statistiques - réponses
Réponse % Correct
la
97%
La
97%
le
96%
Le
96%
à
95%
Tu
95%
tu
95%
de
94%
je
93%
Je
93%
en
92%
En
92%
te
92%
et
91%
Et
91%
me
91%
que
91%
du
90%
Es
90%
les
90%
Les
90%
ma
90%
Pour
90%
toi
90%
ta
89%
ne
88%
ce
87%
sauvage
87%
un
87%
suis
86%
terre
86%
vent
86%
au
85%
dans
85%
si
85%
esprit
84%
une
84%
coeur
83%
l'air
83%
mais
83%
Mais
83%
qui
83%
crois
82%
ont
82%
poussière
82%
vie
82%
n'est
81%
qu'un
81%
des
80%
entière
80%
Moi
80%
tapis
80%
chant
79%
sont
79%
toute
79%
jour
78%
pas
78%
sais
78%
sûr
78%
Entends
77%
façon
77%
loup
77%
pense
77%
couleur
76%
d'homme
76%
fleurs
76%
nom
76%
raison
76%
d'amour
75%
d'avoir
75%
fond
75%
porte
75%
ses
75%
montagne
74%
petit
74%
t'appartient
74%
chat
73%
mille
73%
ton
73%
c'est
72%
l'oiseau
72%
questionnes
72%
ressemble
72%
tes
72%
mot
71%
nuages
71%
parle
71%
s'il
71%
couleurs
70%
l'étranger
70%
marchant
70%
peindre
70%
différence
69%
remplis
69%
yeux
69%
langage
68%
meurt
68%
Peux
66%
sans
66%
esprits
65%
malveillance
65%
d'espoir
64%
n'a
64%
pierre
63%
pleurs
63%
l'ignorante
61%
chanter
60%
emploies
60%
mes
60%
nous
59%
Nous
59%
il
57%
amis
56%
d'or
56%
loutre
56%
fil
54%
héron
54%
lumière
53%
Comprends
52%
forêts
51%
rivières
51%
Comme
50%
nature
50%
fille
49%
royal
47%
tous
47%
Courons
46%
fruits
46%
haut
46%
l'aigle
46%
mystères
46%
offre
46%
trésors
46%
ici
45%
prix
45%
bas
44%
besoin
44%
Partageons
44%
pur
44%
torrents
44%
bonheur
43%
créatures
43%
d'air
43%
impérial
43%
l'infini
43%
mûrs
43%
peut
43%
ronde
43%
jours
42%
peau
42%
leur
40%
cercle
39%
l'homme
39%
qu'importe
39%
trône
39%
ensemble
38%
tant
37%
ignore
35%
comment
33%
soeur
33%
dort
31%
chantons
28%
pouvoir
27%
rêvant
26%
chansons
22%
sycomore
22%
tournons
19%
choeur
15%
Aucun quiz correspondant
Distribution des résultats
% des personnes avec chaque résultat
Percentile par nombre de réponses
Votre historique - résultats
Vous n’avez pas pris ce quiz